[Event "22nd Hoogeveen Open 2018"]
[Site "Hoogeveen"]
[Date "2018.10.24"]
[Round "6"]
[White "Kuipers, Stefan"]
[Black "Baskin, Robert"]
[Result "1/2-1/2"]
[WhiteElo "2467"]
[BlackElo "2348"]
[Annotator "TA"]
[PlyCount "81"]
[EventDate "2018.10.20"]
[EventType "swiss"]
[EventCountry "NED"]
[SourceTitle "playchess.com"]
[Source "ChessBase"]
[SourceQuality "1"]

{[%evp 19,81,0,3,0,18,0,10,10,3,16,3,2,14,0,0,-4,0,-24,0,0,6,3,48,25,23,18,30,24,28,9,13,19,31,17,12,15,12,4,6,5,6,6,6,6,11,12,12,12,12,12,12,12,12,5,5,0,0,0,1,0,0,0,0,0]} 1. e4 c5 2. Nf3 Nf6 3. e5 Nd5 4. d4 cxd4 5. c3 e6 6. cxd4 d6 7. Bc4 Nc6 8. O-O Be7 9. Nbd2 {[%cal Bb1d2,Bd2e4,Be4c3][%mdl 32]} dxe5 10. dxe5 O-O {LiveBook: 3 Games. B22: Sicilian: 2 c3} 11. Ne4 Nb6 {[#] aiming for ...Qxd1.} 12. Bb5 Qd5 $146 ({Predecessor:} 12... Qxd1 13. Rxd1 Bd7 14. Be3 Nxe5 15. Bxd7 Nbxd7 16. Nxe5 Nxe5 17. Bf4 {0-1 (29) Martin Hernandez,J (1995)-Cabrera Trujillo,J (2372) La Laguna 2008}) 13. Nc3 Qxd1 14. Rxd1 Bd7 15. Be3 {[#] And now Bxb6 would win.} Rfd8 16. a4 Be8 17. Kf1 Kf8 18. Ke2 Rxd1 (18... Nd7 {feels hotter.} 19. Rac1 Nb4 20. a5 a6 21. Ba4 Rac8) 19. Rxd1 Rd8 20. Rxd8 Nxd8 (20... Bxd8 {is interesting.} 21. Bd3 Be7 22. b3 Nd7 23. Bxh7 Ndxe5 24. Nxe5 Nxe5 25. Be4 b6) 21. b3 Nc8 22. Bd3 h6 23. Be4 Bc6 24. Nd4 Bxe4 25. Nxe4 Ke8 26. g4 Kd7 {The position is equal.} 27. f4 Nc6 28. Nxc6 Kxc6 $11 {[%mdl 4096] Endgame KBN-KBN} 29. Kd3 Nb6 30. Bxb6 Kxb6 {KB-KN} 31. Kc4 Kc6 32. b4 a6 33. b5+ axb5+ 34. axb5+ Kc7 35. f5 g6 36. g5 h5 ({Don't go for} 36... hxg5 $2 37. f6 $18) 37. fxg6 fxg6 38. h4 b6 39. Kd3 Kd8 40. Nd2 Ke8 41. Nf3 {Precision: White = 36%, Black = 74%.} 1/2-1/2

[Event "22nd Hoogeveen Open 2018"]
[Site "Hoogeveen"]
[Date "2018.10.24"]
[Round "6"]
[White "Beerdsen, Thomas"]
[Black "Miedema, David"]
[Result "1-0"]
[WhiteElo "2460"]
[BlackElo "2379"]
[Annotator "TA"]
[PlyCount "57"]
[EventDate "2018.10.20"]
[EventType "swiss"]
[EventCountry "NED"]
[SourceTitle "playchess.com"]
[Source "ChessBase"]
[SourceQuality "1"]

{[%evp 17,57,7,17,-16,-28,-33,32,14,12,7,9,0,0,-14,-10,-8,53,35,78,86,102,92,252,252,252,252,256,256,248,255,247,210,209,184,280,250,423,424,408,423,403,387]} 1. e4 c6 2. d4 d5 3. f3 dxe4 4. fxe4 e5 5. Nf3 Bg4 6. Bc4 Nd7 7. c3 {B12: Caro-Kann: Advance Variation} b5 8. Bb3 Ngf6 9. O-O Bd6 {LiveBook: 7 Games} ({But not} 9... exd4 $6 10. cxd4 Qb6 11. Be3 $16) 10. Bg5 O-O 11. Qe1 Bh5 (11... Bxf3 $15 12. gxf3 c5) 12. Qh4 {[#] Nxe5 is the strong threat.} Bg6 13. Nbd2 Qc7 {[#]} 14. dxe5 $146 ({Predecessor:} 14. Rae1 a5 {0-1 (36) Arribas Lopez,A (2543)-Rozum,I (2543) Moscow 2016}) 14... Bxe5 15. Nxe5 Qxe5 16. Rae1 $1 h6 (16... Rfe8 $11) 17. Nf3 Qc5+ 18. Be3 Qh5 19. e5 $36 {[%mdl 2048] White is in control.} Ng4 $2 {[#]} (19... Qxh4 $16 {was called for.} 20. Nxh4 Nxe5) 20. Qxh5 $18 Bxh5 21. Bf4 Nc5 22. h3 Nd3 23. hxg4 Bxg4 24. Nd4 Nxe1 25. Rxe1 Rac8 (25... Bd7 {was necessary.} 26. e6 Bxe6) 26. Re4 h5 $2 (26... Kh8 27. Bxh6 f5) 27. e6 fxe6 28. Nxe6 Rf6 29. Bg5 {Precision: White = 39%, Black = 43%.} 1-0

[Event "22nd Hoogeveen Open 2018"]
[Site "Hoogeveen"]
[Date "2018.10.24"]
[Round "6"]
[White "Karthikeyan, P.."]
[Black "Safarli, Eltaj"]
[Result "0-1"]
[WhiteElo "2443"]
[BlackElo "2676"]
[Annotator "TA"]
[PlyCount "84"]
[EventDate "2018.10.20"]
[EventType "swiss"]
[EventCountry "NED"]
[SourceTitle "playchess.com"]
[Source "ChessBase"]
[SourceQuality "1"]

{[%evp 9,84,22,30,26,24,24,33,33,37,29,35,-4,-2,0,-14,-15,-12,-4,-6,-33,-34,-72,-79,-110,14,13,16,9,12,0,29,37,138,13,0,-153,-143,-139,29,15,113,45,24,29,31,18,12,0,49,-20,-20,-28,-19,-166,-182,-231,-100,-132,0,0,0,-188,-92,-168,-145,-144,-137,-186,-102,-239,-237,-241,-241,-1166,-1157,-1033,-1033]} 1. d4 d5 2. Nf3 Bf5 3. c4 e6 4. Nc3 Bb4 (4... Nf6 5. Nh4 Bb4 6. cxd5 Qxd5 7. e3 O-O 8. Be2 Ne4 9. Bd2 Bxc3 10. bxc3 Nxd2 11. Qxd2 Be4 12. f3 Qg5 {½-½ (42) Wojtaszek,R (2733)-Nepomniachtchi,I (2757) Dortmund 2018}) 5. Qb3 Nc6 6. a3 {D06: Damengambit (Seltene Züge)} Bxc3+ 7. Qxc3 Nge7 $146 ({Vorgänger:} 7... Nf6 8. Bg5 dxc4 9. e3 b5 10. Bxf6 gxf6 11. b3 a5 12. bxc4 {0-1 (49) Pleasants,A (2056)-Carleton,J (2307) England 2011}) 8. b3 {Weiß steht etwas besser.} O-O 9. e3 Bg4 10. Nd2 {[#]} e5 $1 {[%mdl 512]} 11. dxe5 d4 12. exd4 Nxd4 13. Bb2 c5 14. f3 Bf5 15. g4 Bc2 $1 16. h4 f5 (16... Qc7 $1 $17 {zielt auf ...Sg6 ab.} 17. Rc1 Qxe5+ 18. Kf2 f5) 17. Rc1 $1 $11 {[%cal Rc1c2]} fxg4 18. Rxc2 gxf3 19. Qd3 {Schwarz muss nun Lxd4 beachten.} Nec6 20. Kd1 Rf4 ({Besser ist} 20... Qe7 $14) 21. Qe3 ({Weiss kommt nicht vorbei an} 21. Bxd4 $1 $16 Qxd4 22. Qxd4 cxd4 23. Bd3) 21... Qf8 $1 22. Rc3 $2 (22. Bh3 $11) 22... Re8 $17 23. Qf2 Rxe5 $2 (23... Nxe5 $17 {...Sg4 ist eine echte Drohung.} 24. Bh3 Qd6) 24. Re3 $1 $11 Qe7 $1 25. Rxe5 (25. Bxd4 $1 $16 cxd4 26. Rxf3 Rxf3 27. Nxf3) 25... Nxe5 $14 26. Qe3 Qf6 27. Bd3 {und nun wäre Se4 stark für Weiss.} f2 28. Rf1 {Droht stark Se4.} h6 29. Be4 (29. Bb1 $14) 29... Ng4 $11 30. Bd5+ Kf8 31. Qg3 {[#]} (31. Qd3 $11 {und Weiss steht sicher.}) 31... Qe5 $1 $19 {Und weiter mit ...Se3+ wäre nett.} 32. Bxd4 ({Jedoch nicht} 32. Qxg4 $2 Rxg4 33. Rxf2+ Ke8 $19) 32... Qxd4 (32... cxd4 $19 33. Be4 Ke7) 33. Kc1 Ne3 $40 {[%mdl 128] Schwarz greift an.} (33... Qe3 $17 34. Qxe3 Nxe3) 34. Rxf2 $11 Nxd5 35. Re2 $2 {[#]} (35. Rf3 $11 {und Weiss ist OK.} Rxf3 36. Qxf3+ Nf4 37. Qxb7) 35... Nf6 (35... Ne7 $1 $19 36. h5 Nf5) 36. Rg2 (36. Kc2 $17) 36... Ng4 37. Re2 Kg8 38. h5 Nf6 ({Günstiger ist} 38... Ne5 $19 39. Kc2 b6) 39. Re7 (39. Kc2 $17 {war einen Versuch wert.}) 39... Rg4 $19 ({Weniger gut wäre} 39... Nxh5 40. Qg6 $11) 40. Qb8+ Kh7 {Und ...Tg2 würde nun gewinnen.} 41. Qxb7 $2 (41. Qe5 Qf2 42. Qe3 Qxe3 43. Rxe3) 41... Qa1+ 42. Kc2 Rg3 {Precision: Weiß = 36%, Schwarz = 45%.} 0-1

[Event "22nd Hoogeveen Open 2018"]
[Site "Hoogeveen"]
[Date "2018.10.24"]
[Round "6"]
[White "Buckels, Valentin"]
[Black "De Jong, Migchiel"]
[Result "1-0"]
[WhiteElo "2413"]
[BlackElo "2309"]
[Annotator "TA"]
[PlyCount "71"]
[EventDate "2018.10.20"]
[EventType "swiss"]
[EventCountry "NED"]
[SourceTitle "playchess.com"]
[Source "ChessBase"]
[SourceQuality "1"]

{[%evp 15,71,28,47,22,102,86,83,0,3,10,3,6,6,18,52,43,129,124,129,122,146,135,168,164,166,165,322,328,292,196,209,190,241,258,246,245,456,338,544,544,478,269,580,505,497,496,666,642,623,590,963,940,1042,916,1609,1560,29988,29989]} 1. d4 e6 2. c4 Bb4+ 3. Nd2 Nf6 4. a3 Be7 5. e4 d6 6. Bd3 {A40: Verschiedene (seltene) Antworten auf 1.d4} O-O 7. Ne2 c5 8. d5 Nbd7 {LiveBook: 3 Partien} 9. f4 $146 ({Vorgänger:} 9. dxe6 fxe6 10. f4 Nb8 11. O-O Nc6 {1-0 (31) Gareyev,T (2579)-Markidis,K (2378) Paleochora 2015}) 9... Re8 (9... b5 $11) 10. O-O Bf8 11. Nf3 (11. Nc3 $16) 11... exd5 $11 12. exd5 b5 13. b3 bxc4 14. bxc4 Nb6 15. Qc2 Bd7 (15... h6 $14) 16. a4 $16 {[%cal Ba3a4,Ba4a5][%mdl 32]} h6 17. a5 Nc8 18. Ng3 Ng4 19. Ra3 Kh8 20. Qd2 Ne7 $2 (20... Ne3) 21. h3 $1 $18 Nf6 22. Bb2 Neg8 23. Rb3 Rb8 (23... Qc7 $142 24. Bc3 Ba4) 24. Rxb8 Qxb8 25. Bc3 $40 {[%mdl 128] Weiss riecht Blut.} Be7 $2 (25... Re7 {ist wohl besser.} 26. Rb1 Qa8) 26. Bc2 Nh7 $2 (26... Bf8 {ist eine bessere Verteidigung.} 27. Qd3 Re7) 27. Qd3 {[%csl Gc2][%cal Rd3h7]} Ngf6 {[#]} 28. Re1 (28. Ne5 $142 $1 {[%mdl 512]} Nf8 (28... dxe5 29. fxe5) 29. Nxf7+ Kg8 {[#]} 30. Ne5 $1 {[%mdl 512]}) 28... Nf8 $2 (28... Bf8 29. Rxe8 Qxe8 30. Bxf6 Nxf6) 29. Nh4 Bd8 30. Rb1 Qc8 31. Nhf5 Bxf5 32. Nxf5 Qd7 33. a6 Ng6 34. Qf3 Bb6 35. Bxf6 gxf6 36. Qh5 {Precision: Weiß = 80%, Schwarz = 19%.} 1-0

[Event "22nd Hoogeveen Open 2018"]
[Site "Hoogeveen"]
[Date "2018.10.24"]
[Round "6"]
[White "Van Delft, Merijn"]
[Black "Shyaamnikhil P"]
[Result "0-1"]
[WhiteElo "2381"]
[BlackElo "2429"]
[Annotator "TA"]
[PlyCount "54"]
[EventDate "2018.10.20"]
[EventType "swiss"]
[EventCountry "NED"]
[SourceTitle "playchess.com"]
[Source "ChessBase"]
[SourceQuality "1"]

{[%evp 21,54,31,42,55,83,66,66,58,54,31,36,21,20,26,66,15,22,-5,63,-132,-124,-387,0,-220,-217,-233,-228,-220,-222,-433,-458,-478,-476,-464,-454]} 1. e4 c5 2. Nf3 {[%cal Bg1f3,Bf3d4,Bd4b3][%mdl 32]} Nc6 3. d4 cxd4 4. Nxd4 Qb6 5. Nb3 Nf6 6. Nc3 e6 7. Qe2 Bb4 {B33: Sicilian: Pelikan and Sveshnikov Variations} (7... Qc7 8. f4 Bb4 9. Bd2 Bxc3 10. bxc3 d6 11. g4 b6 12. Bg2 Bb7 13. g5 Nd7 14. h4 Na5 15. Nxa5 bxa5 {1-0 (38) Kramnik,V (2812)-Fressinet,L (2687) Paris 2016}) 8. Bd2 a5 9. a3 Bxc3 10. Bxc3 e5 11. O-O-O O-O {LiveBook: 26 Games} 12. g4 {[%cal Bg2g4,Bg4g5][%mdl 32]} Rd8 $146 ({Predecessor:} 12... d6 13. g5 Ne8 14. h4 Be6 15. h5 Rc8 16. Kb1 Qc7 {1-0 (29) Mista,A (2606)-Azarov,S (2582) Katowice 2017}) 13. g5 Ne8 14. h4 d6 15. h5 Be6 16. g6 fxg6 17. hxg6 hxg6 18. f4 (18. Kb1 $14) 18... Nf6 $11 19. Bh3 Bf7 (19... Bxb3 $11 20. cxb3 Qxb3) 20. f5 $2 (20. Kb1 $14 {keeps the upper hand.}) 20... g5 $17 {[%cal Bg6g5,Bg5g4][%mdl 32]} (20... Bxb3 $6 21. cxb3 Qxb3 22. fxg6 $11) 21. Rhg1 $2 {[%mdl 8192] [#]} (21. Bf1 $17) 21... Bh5 $2 (21... Nb4 $1 $19 {[%mdl 512]} 22. axb4 axb4 23. Bxb4 (23. Bd2 $2 Bxb3 24. cxb3 Rdc8+ 25. Bc3 bxc3 $19) 23... Qxb4) 22. Qc4+ $2 {[#]} (22. Bg4 $1 $11 Nxg4 23. Rxg4) 22... Kf8 $1 $19 23. Rde1 g4 24. Bg2 Bf7 25. Qa4 $2 (25. Qd3) 25... Rdb8 {Black is clearly winning.} 26. Rh1 Qa6 ({Weaker is} 26... Qf2 27. Bf1 $19) 27. Rh8+ Ng8 {Precision: White = 27%, Black = 68%.} ({Not} 27... Ke7 28. Bf1 $15) 0-1

[Event "22nd Hoogeveen Open 2018"]
[Site "Hoogeveen"]
[Date "2018.10.24"]
[Round "6"]
[White "Colijn, Stefan"]
[Black "Elgersma, Simon"]
[Result "1-0"]
[WhiteElo "2340"]
[BlackElo "2237"]
[Annotator "NA"]
[PlyCount "51"]
[EventDate "2018.10.20"]
[EventType "swiss"]
[EventCountry "NED"]
[SourceTitle "playchess.com"]
[Source "ChessBase"]
[SourceQuality "1"]
[TimeControl "40/5400+30:1800+30"]

1. Nf3 {[%emt 0:00:29]} Nf6 {[%emt 0:00:00]} 2. c4 {[%emt 0:00:09]} g6 {[%emt 0:01:41]} 3. b3 {[%emt 0:00:09]} Bg7 {[%emt 0:02:03]} 4. Bb2 {[%emt 0:00:01]} d6 {[%emt 0:00:42]} 5. g3 {[%emt 0:00:48]} e5 {[%emt 0:04:43]} 6. Bg2 {[%emt 0:01:36]} O-O {[%emt 0:01:47]} 7. O-O {[%emt 0:00:28]} Re8 {[%emt 0:05:02]} 8. Nc3 {[%emt 0:01:32]} Nc6 {[%emt 0:03:18]} 9. d3 {[%emt 0:05:27] LiveBook: 27 Games} Bd7 {[%emt 0:10:56] A15: Englisch gegen Königs-Fianchetto} (9... h6 10. Rc1 Be6 11. d4 e4 12. d5 exf3 13. exf3 Bf5 14. dxc6 bxc6 15. c5 d5 16. Ne2 h5 17. h4 {1-0 (68) Grischuk,A (2779)-Mamedov,R (2637) Khanty-Mansiysk 2013}) 10. h3 {[%emt 0:06:47]} Qc8 $146 {[%emt 0:05:35]} ({Vorgänger:} 10... Qe7 11. e3 a5 12. a3 Qd8 13. Kh2 e4 14. Ne1 exd3 15. Nxd3 Bf5 16. Nf4 h5 17. Qd2 {1-0 (39) Kan,I-Dus Chotimirsky,F Moscow (Russia) 1939}) 11. Kh2 {[%emt 0:08:39]} Ne7 {[%emt 0:08:40]} 12. Rc1 {[%emt 0:06:03]} Nf5 {[%emt 0:02:45]} 13. e4 {[%emt 0:10:30]} Ne7 {[%emt 0:10:19]} 14. d4 {[%emt 0:06:02]} Nc6 {[%emt 0:02:31]} 15. dxe5 {[%emt 0:12:55]} dxe5 {[%emt 0:01:27]} 16. Re1 {[%emt 0:00:08]} h5 {[%emt 0:10:48]} 17. Qd2 {[%emt 0:03:13]} Nd4 {[%emt 0:02:40]} 18. Nxe5 {[%emt 0:03:02]} h4 {[%emt 0:06:11]} 19. Nd5 {[%emt 0:07:38]} hxg3+ {[%emt 0:03:05]} 20. fxg3 {[%emt 0:02:23]} c5 {[%emt 0:02:28]} 21. Nd3 {[%emt 0:08:11]} Nxd5 {[%emt 0:01:55]} 22. cxd5 $18 {[%emt 0:01:50]} ({Not} 22. exd5 Qc7 $16) 22... Bxh3 {[%emt 0:01:09]} 23. Rxc5 {[%emt 0:03:38]} Qg4 {[%emt 0:08:12]} 24. Bxd4 {[%emt 0:03:38]} Bxg2 {[%emt 0:00:59]} 25. Nf2 {[%emt 0:00:35]} Qf3 {[%emt 0:02:12]} 26. Rc3 {[%emt 0:00:07]} 1-0

[Event "22nd Hoogeveen Open 2018"]
[Site "Hoogeveen"]
[Date "2018.10.24"]
[Round "6"]
[White "Bertholee, Rob"]
[Black "Giacomini, Hector"]
[Result "1/2-1/2"]
[WhiteElo "2334"]
[BlackElo "2178"]
[Annotator "NA"]
[PlyCount "79"]
[EventDate "2018.10.20"]
[EventType "swiss"]
[EventCountry "NED"]
[SourceTitle "playchess.com"]
[Source "ChessBase"]
[SourceQuality "1"]
[TimeControl "40/5400+30:1800+30"]

1. e4 {[%emt 0:00:00]} c6 {[%emt 0:00:00]} 2. d4 {[%emt 0:00:00]} d5 {[%emt 0:00:00]} 3. exd5 {[%emt 0:00:00]} cxd5 {[%emt 0:00:00]} 4. c4 {[%emt 0:00:00]} Nf6 {[%emt 0:00:00]} 5. Nc3 {[%emt 0:00:00]} e6 {[%emt 0:00:00]} 6. Nf3 {[%emt 0:00:00]} Be7 {[%emt 0:00:00]} 7. cxd5 {[%emt 0:00:00]} Nxd5 {[%emt 0:00:01]} 8. Bd3 {[%emt 0:00:00]} Nc6 {[%emt 0:00:06]} 9. O-O {[%emt 0:00:03]} O-O {[%emt 0:00:03]} 10. Re1 {[%emt 0:00:05]} Bf6 {[%emt 0:00:06]} 11. Be4 {[%emt 0:00:10]} Nce7 {[%emt 0:00:05]} 12. Qd3 {[%emt 0:00:04]} h6 {[%emt 0:00:09]} 13. Ne5 {[%emt 0:00:11]} Bd7 $146 {[%emt 0:00:22] D42: Queen's Gambit Declined: Semi-Tarrasch: 5 cxd5 Nxd5 6 e3 Nc6 7 Bd3} (13... Nxc3 14. Qxc3 Nf5 15. Be3 Rb8 16. Bf4 g5 17. Bxf5 gxf4 18. Be4 Bg7 19. Rad1 Bd7 20. Qf3 Bb5 21. Bxb7 Qg5 22. b3 {0-1 (61) Gelfand,B (2743)-Wang,Y (2720) Beijing 2014}) 14. Qg3 {[%emt 0:00:11]} Bc6 {[%emt 0:00:12]} 15. Nxc6 {[%emt 0:00:22]} bxc6 {[%emt 0:00:06]} 16. Bxh6 {[%emt 0:00:06]} Qb6 {[%emt 0:00:14]} 17. Be3 {[%emt 0:01:27]} Qxb2 {[%emt 0:00:53]} 18. Na4 {[%emt 0:00:12]} Qa3 {[%emt 0:07:41]} 19. Nc5 {[%emt 0:00:55]} Rfd8 {[%emt 0:07:43]} 20. Rad1 {[%emt 0:55:25]} Nf5 {[%emt 0:08:32]} 21. Qf3 {[%emt 0:04:09]} Nde7 {[%emt 0:31:06]} 22. Bxc6 {[%emt 0:04:11]} Nxc6 {[%emt 0:02:43]} 23. Qxc6 {[%emt 0:00:02]} Rac8 {[%emt 0:00:50]} 24. Qb7 {[%emt 0:11:14]} Rb8 $11 {[%emt 0:06:14]} 25. Qc7 {[%emt 0:00:23]} Rbc8 {[%emt 0:03:47]} 26. Qb7 {[%emt 0:00:36]} Rb8 {[%emt 0:00:54]} 27. Qc7 {[%emt 0:02:39]} Rbc8 {[%emt 0:00:08]} 28. Qf4 {[%emt 0:10:31]} Qxa2 {[%emt 0:02:30]} 29. Ne4 {[%emt 0:00:20]} Bxd4 {[%emt 0:09:30]} 30. Bxd4 {[%emt 0:00:24]} Nxd4 {[%emt 0:00:12]} 31. Rxd4 {[%emt 0:03:03]} Rxd4 {[%emt 0:00:06]} 32. Nf6+ {[%emt 0:00:04]} gxf6 {[%emt 0:00:11]} 33. Qxd4 {[%emt 0:00:03]} Rb8 {[%emt 0:14:03]} 34. Qxf6 {[%emt 0:02:58]} Rb1 {[%emt 0:00:14]} 35. Qd8+ {[%emt 0:01:04]} Kg7 {[%emt 0:00:20]} 36. Qg5+ {[%emt 0:00:06]} Kf8 {[%emt 0:00:54]} 37. Qd8+ {[%emt 0:00:29]} Kg7 {[%emt 0:00:07]} 38. Qg5+ {[%emt 0:00:14]} Kf8 {[%emt 0:00:07]} 39. Qh6+ {[%emt 0:04:04]} Kg8 {[%emt 0:00:17]} 40. Qg5+ {[%emt 0:00:04]} 1/2-1/2

[Event "22nd Hoogeveen Open 2018"]
[Site "Hoogeveen"]
[Date "2018.10.24"]
[Round "6"]
[White "Tomilova, Elena"]
[Black "Elgersma, Onno"]
[Result "1-0"]
[WhiteElo "2328"]
[BlackElo "2223"]
[Annotator "NA"]
[PlyCount "51"]
[EventDate "2018.10.20"]
[EventType "swiss"]
[EventCountry "NED"]
[SourceTitle "playchess.com"]
[Source "ChessBase"]
[SourceQuality "1"]
[TimeControl "40/5400+30:1800+30"]

1. Nf3 {[%emt 0:00:00]} Nf6 {[%emt 0:00:00]} 2. c4 {[%emt 0:00:00]} e6 {[%emt 0:00:00]} 3. g3 {[%emt 0:00:00]} d5 {[%emt 0:00:17]} 4. b3 {[%emt 0:00:00]} c5 {[%emt 0:00:39]} 5. Bg2 {[%emt 0:00:14]} Be7 {[%emt 0:01:09]} 6. O-O {[%emt 0:00:23]} O-O {[%emt 0:01:05]} 7. Bb2 {[%emt 0:00:37]} Nc6 {[%emt 0:01:22]} 8. e3 {[%emt 0:02:33]} b6 {[%emt 0:01:14]} 9. Nc3 {[%emt 0:00:24]} Ba6 {[%emt 0:02:10]} 10. d3 {[%emt 0:04:28]} Qd7 {[%emt 0:01:13] A14: English Opening: 1...e6 with b3 by White} 11. Qe2 {[%emt 0:03:43] LiveBook: 29 Games} Rfd8 {[%emt 0:01:17]} 12. Rad1 {[%emt 0:01:39]} Rac8 {[%emt 0:09:39]} 13. h3 {[%emt 0:02:22]} Qe8 {[%emt 0:03:49] [#]} 14. g4 $146 {[%emt 0:05:01]} ({Predecessor:} 14. Rfe1 h6 15. a3 Bb7 16. Qc2 Rd7 17. Ne2 Nh7 18. h4 Bf6 19. cxd5 Rxd5 {½-½ (48) Eljanov,P (2739)-Harikrishna,P (2752) Baku 2016}) 14... h6 {[%emt 0:09:04]} 15. g5 {[%emt 0:07:21]} hxg5 {[%emt 0:03:55]} 16. Nxg5 {[%emt 0:00:08]} d4 {[%emt 0:09:05]} 17. Nb1 {[%emt 0:01:33]} g6 {[%emt 0:11:15]} 18. h4 {[%emt 0:06:34]} Nh5 {[%emt 0:03:06]} 19. Nd2 {[%emt 0:03:26]} Bf8 {[%emt 0:02:31]} 20. Nde4 {[%emt 0:08:42]} f6 {[%emt 0:03:43]} 21. Qxh5 {[%emt 0:00:54]} fxg5 {[%emt 0:08:16]} 22. Qxg5 {[%emt 0:05:20]} Bg7 $18 {[%emt 0:09:12]} 23. h5 {[%emt 0:03:07]} Kh7 {[%emt 0:10:08]} 24. Nf6+ {[%emt 0:10:08]} Bxf6 {[%emt 0:00:13]} 25. Qxf6 {[%emt 0:00:05]} Rc7 {[%emt 0:06:31]} 26. Be4 {[%emt 0:04:03]} 1-0

[Event "22nd Hoogeveen Open 2018"]
[Site "Hoogeveen"]
[Date "2018.10.24"]
[Round "6"]
[White "Van Kooten, Luuk"]
[Black "Rakshitta, Ravi"]
[Result "1/2-1/2"]
[WhiteElo "2320"]
[BlackElo "2160"]
[Annotator "NA"]
[PlyCount "86"]
[EventDate "2018.10.20"]
[EventType "swiss"]
[EventCountry "NED"]
[SourceTitle "playchess.com"]
[Source "ChessBase"]
[SourceQuality "1"]
[TimeControl "40/5400+30:1800+30"]

1. d4 {[%emt 0:00:00]} Nf6 {[%emt 0:01:04]} 2. c4 {[%emt 0:00:23]} e6 {[%emt 0:00:04]} 3. Nc3 {[%emt 0:00:32]} d5 {[%emt 0:00:06]} 4. cxd5 {[%emt 0:00:30]} exd5 {[%emt 0:00:02]} 5. Bg5 {[%emt 0:00:27]} Nbd7 {[%emt 0:00:09]} 6. e3 {[%emt 0:01:03]} Be7 {[%emt 0:00:13]} 7. Bd3 {[%emt 0:02:22]} c6 {[%emt 0:00:18]} 8. Qc2 {[%emt 0:02:42]} O-O {[%emt 0:00:09]} 9. Nge2 {[%emt 0:01:37]} Re8 {[%emt 0:00:12]} 10. O-O {[%emt 0:02:16]} h6 {[%emt 0:00:10]} 11. Bf4 {[%emt 0:04:59]} Nf8 {[%emt 0:02:23] LiveBook: 18 Games} 12. h3 {[%emt 0:07:49] D36: Queen's Gambit Declined: Exchange Variation: Main line (5 Bg5 c6 6 Qc2)} (12. a3 a5 13. f3 Nh5 14. Be5 f6 15. Bg3 Nxg3 16. Nxg3 Bd6 17. Rae1 Qc7 18. f4 Be6 19. Nf5 Bxf5 20. Bxf5 {1-0 (68) Nepomniachtchi,I (2720)-Naiditsch,A (2722) Dortmund 2015 CBM 167 [Sagar Shah]}) 12... Ne6 {[%emt 0:02:46]} 13. Bg3 {[%emt 0:02:53]} Nh5 $146 {[%emt 0:14:05]} ({Predecessor:} 13... Bd6 14. Rae1 Ng5 15. Bxd6 Qxd6 {1-0 (71) Srebrnic,A (2211)-Papp,P (2302) Istanbul 2012}) 14. Bh2 {[%emt 0:05:22]} Bd6 {[%emt 0:00:52]} 15. Bxd6 {[%emt 0:04:03]} Qxd6 {[%emt 0:00:01]} 16. g4 {[%emt 0:06:04]} Ng5 {[%emt 0:06:11]} 17. Kg2 $1 {[%emt 0:00:38]} Nf6 {[%emt 0:45:06]} 18. Ng3 $15 {[%emt 0:13:53]} Nxg4 {[%emt 0:04:11]} 19. hxg4 {[%emt 0:00:34]} Bxg4 {[%emt 0:00:01]} 20. Rg1 {[%emt 0:12:49]} Qf6 {[%emt 0:07:52]} 21. Bf5 {[%emt 0:10:44]} Bf3+ {[%emt 0:00:13]} 22. Kf1 {[%emt 0:05:05]} g6 {[%emt 0:00:15]} 23. Bd3 {[%emt 0:00:38]} Nh3 {[%emt 0:01:44]} 24. Rg2 {[%emt 0:00:32]} Bxg2+ {[%emt 0:02:29]} 25. Kxg2 {[%emt 0:00:05]} Ng5 {[%emt 0:00:04]} 26. Qe2 {[%emt 0:01:53]} Ne6 {[%emt 0:01:29]} 27. Qg4 {[%emt 0:02:12]} Qg5 {[%emt 0:00:07]} 28. Qh3 {[%emt 0:01:23]} h5 {[%emt 0:03:05]} 29. Rh1 {[%emt 0:00:47]} Qf6 {[%emt 0:00:26]} 30. Nge2 {[%emt 0:02:11]} Kg7 {[%emt 0:01:33]} 31. Kf1 {[%emt 0:03:55]} Ng5 {[%emt 0:00:46]} 32. Qg3 {[%emt 0:01:12]} Qf3 {[%emt 0:01:44]} 33. Qxf3 {[%emt 0:00:29]} Nxf3 {[%emt 0:00:00]} 34. Nf4 {[%emt 0:00:18]} Nd2+ {[%emt 0:02:18]} 35. Ke2 {[%emt 0:01:21]} Ne4 {[%emt 0:00:01]} 36. Bxe4 {[%emt 0:01:42]} dxe4 {[%emt 0:00:01]} 37. f3 {[%emt 0:00:20]} exf3+ {[%emt 0:00:59]} 38. Kxf3 {[%emt 0:00:01]} Re7 {[%emt 0:03:03]} 39. Rh2 {[%emt 0:01:31]} Rd8 {[%emt 0:01:07]} 40. Rg2 {[%emt 0:00:39]} Kh6 {[%emt 0:02:03]} 41. Rh2 {[%emt 0:31:16]} Kh7 {[%emt 0:20:59]} 42. Rg2 {[%emt 0:00:07]} f5 43. Nd1 {[%emt 0:00:15]} Rde8 1/2-1/2